00799cam a2200193 a 4500020001800000020001500018040000800033082002600041100002100067245004200088250001100130260005400141300008400195520023500279650002500514650002200539650002500561700001900586 a9780470958513 a0470958510 cDLC00a636 WIL 2012 A042 Or.1 aBacha, William J10aColor atlas of veterinary histology / a3rd ed aChichester, West Sussex :bWiley-Blackwell,c2012 axiii, 342 pages :billustrations (chiefly color) ;c29 cm +eCD-ROM (4 3/4 in.) aAccompanying DVD-ROM contains ... "more than 900 photomicrographs ..., offering interactive functionality with zoom capability ... [which serves as] an interactive histology atlas with ... study review questions."--Page 4 of cover 0aVeterinary histology12aAnimals, Domestic22aAnatomy, Veterinary.1 aBacha, Linda M